000 00680namaa2200169 i 4500
001 173910
003 ES-MaACL
005 20240510063142.0
008 100128s1841 sp |||| | spa d
040 _aSpMaBN
_bspa
_cPAB
100 1 _aAsquerino, Eusebio,
_d1822-1892
_923643
245 1 0 _aGustavo Wasa
_b: drama original en cuatro jornadas y en verso /
_cpor Eusebio Asquerino.
260 _aMadrid :
_bBoix,
_c1841.
300 _a85 p. ;
_c17 cm.
852 _aES-MaACL
_jF-8628(6)
_z.- Enc. pasta española
_q.- Falto de la cub. original
_z.- Enc. en un vol. facticio formando parte de la col. facticia "Teatro español moderno", vol. 83
999 _c173910
_d173910